=LDR 00000nam 2200000 4500 =001 INLIS000000000011634 =005 20130612103200 =008 ***********************************Ind** =035 ##$$0010-061300000011634 =041 ##$$a Ind =082 ##$$a 728.1 =090 ##$$a 728.1, Fri r =100 ##$$a Frick, Heinz =245 ##$$a Rumah sederhana, kebijaksanaan perencanaan dan Konstruksi, Ir.Heinz Frick =260 ##$$a 1992 $b Yogyakarta =300 ##$$a 190 hlm., ilus, 21 cm =850 ##$$a NBPNMAT